Normal view
MARC view
Entry Personal Name
001 - CONTROL NUMBER
- control field: 79729
003 - CONTROL NUMBER IDENTIFIER
- control field: OSt
005 - DATE AND TIME OF LATEST TRANSACTION
- control field: 20200922125853.0
008 - FIXED-LENGTH DATA ELEMENTS
- fixed length control field: 200922|| aca||aabn | a|a d
040 ## - CATALOGING SOURCE
- Original cataloging agency: OSt
- Transcribing agency: OSt
100 ## - HEADING--PERSONAL NAME
- Personal name: Ashok Kumar & vipul Anekant
670 ## - SOURCE DATA FOUND
- Source citation: Work cat.: (OSt): Ashok Kumar & vipul Anekant , Challenges to Internal Security of India , 2020









